000 00466nam a22001697a 4500
003 OSt
005 20240723120537.0
008 240723b |||||||| |||| 00| 0 eng d
020 _a0070886741
040 _aMUST
_cMUST
100 _aBrue Stanley L
_918957
245 _aEST BANK TO ACCOMPANY MACRO ECONOMICS AND MICRO ECONOMICS
_cBrue , Stanley L
300 _a1208p.
_bill.
_c28cm.
650 _2economics
700 _aKayhani Nargess
_918958
942 _2ddc
_cO_SHELF
999 _c9273
_d9273